Miasta przez które przebiega DK32 - Statystyki

Ogólne statystyki
  • Ten quiz został rozwiązany 5 razy
  • Średni wynik to 6 z 9
Statystyki odpowiedzi
Miasto % Poprawnych
Zielona Góra
100%
Grodzisk Wielkopolski
80%
Gubin
80%
Krosno Odrzańskie
80%
Kargowa
60%
Sulechów
60%
Wolsztyn
60%
Rakoniewice
40%
Stęszew
40%
Nie znaleziono quizów pasujących do podanych kryteriów
Rozkład punktacji
Procent ludzi z każdym wynikiem
Percentyl według liczby udzielonych odpowiedzi
Twoja historia wyników
Nie rozwiązałeś tego quizu